ARRUPE JESUIT UNIVERSITY

CORONAVIRUS -STOP THE SPREAD - CLEAN,DISINFECT,COVER

The Cambridge companion to ancient scepticism / (Record no. 119611)

MARC details
000 -LEADER
fixed length control field 01284cam a2200397 a 4500
001 - CONTROL NUMBER
control field 7725836
003 - CONTROL NUMBER IDENTIFIER
control field ARRUPE
005 - DATE AND TIME OF LATEST TRANSACTION
control field 20140121135032.0
008 - FIXED-LENGTH DATA ELEMENTS--GENERAL INFORMATION
fixed length control field 090831s2010 enk b 001 0 eng
010 ## - LIBRARY OF CONGRESS CONTROL NUMBER
LC control number 2009036361
020 ## - INTERNATIONAL STANDARD BOOK NUMBER
International Standard Book Number 9780521874762 (hbk.)
020 ## - INTERNATIONAL STANDARD BOOK NUMBER
International Standard Book Number 0521874769 (hbk.)
020 ## - INTERNATIONAL STANDARD BOOK NUMBER
International Standard Book Number 9780521697545 (pbk.)
020 ## - INTERNATIONAL STANDARD BOOK NUMBER
International Standard Book Number 0521697549 (pbk.)
024 ## - OTHER STANDARD IDENTIFIER
Standard number or code 40017737918
035 ## - SYSTEM CONTROL NUMBER
System control number (OCoLC)ocn428024397
035 ## - SYSTEM CONTROL NUMBER
System control number (OCoLC)428024397
Canceled/invalid control number (OCoLC)456838761
035 ## - SYSTEM CONTROL NUMBER
System control number (NNC)7725836
040 ## - CATALOGING SOURCE
Original cataloging agency DLC
Transcribing agency DLC
Modifying agency BTCTA
-- BWKUK
-- BWK
-- UKM
-- NLGGC
043 ## - GEOGRAPHIC AREA CODE
Geographic area code e------
-- aw-----
-- ff-----
050 00 - LIBRARY OF CONGRESS CALL NUMBER
Classification number B525
Item number .C36 2010
082 00 - DEWEY DECIMAL CLASSIFICATION NUMBER
Classification number 186
Edition number 22
084 ## - OTHER CLASSIFICATION NUMBER
Classification number 08.21
Source of number bcl
300 ## - PHYSICAL DESCRIPTION
Dimensions 24 cm.
245 04 - TITLE STATEMENT
Title The Cambridge companion to ancient scepticism /
Statement of responsibility, etc edited by Richard Bett.
260 ## - PUBLICATION, DISTRIBUTION, ETC. (IMPRINT)
Place of publication, distribution, etc Cambridge, UK ;
-- New York :
Name of publisher, distributor, etc Cambridge University Press,
Date of publication, distribution, etc 2010.
300 ## - PHYSICAL DESCRIPTION
Extent xii, 380 p. ;
490 1# - SERIES STATEMENT
Series statement Cambridge companions to philosophy
504 ## - BIBLIOGRAPHY, ETC. NOTE
Bibliography, etc Includes bibliographical references and indexes.
650 #0 - SUBJECT ADDED ENTRY--TOPICAL TERM
Topical term or geographic name as entry element Skeptics (Greek philosophy)
9 (RLIN) 6806
650 #0 - SUBJECT ADDED ENTRY--TOPICAL TERM
Topical term or geographic name as entry element Skepticism
Geographic subdivision Rome.
9 (RLIN) 6807
700 1# - ADDED ENTRY--PERSONAL NAME
Personal name Bett, Richard Arnot Home.
9 (RLIN) 6808
830 #0 - SERIES ADDED ENTRY--UNIFORM TITLE
Uniform title Cambridge companions to philosophy.
9 (RLIN) 6809
942 ## - ADDED ENTRY ELEMENTS (KOHA)
Source of classification or shelving scheme Library of Congress Classification
Koha item type Monograph ( Printed materials)
948 1# - LOCAL PROCESSING INFORMATION (OCLC); SERIES PART DESIGNATOR (RLIN)
Series part designator, SPT (RLIN) 20100503
b (OCLC) c
c (OCLC) sl13
d (OCLC) MPS
Holdings
Withdrawn status Lost status Source of classification or shelving scheme Damaged status Not for loan Home library Current library Date acquired Total Checkouts Full call number Barcode Date last seen Date checked out Price effective from Koha item type
    Library of Congress Classification     ARRUPE LIBRARY ARRUPE LIBRARY 21/01/2014 2 B525 .C36 2010 464122828 28/06/2019 25/06/2019 21/01/2014 Monograph ( Printed materials)

 

Arrupe Library. PO Box MP320 Mt Pleasant, Harare, Zimbabwe
263 242 745411|librarian@aju.ac.zw